| 000 | 01413cam a2200361 a 4500 | ||
|---|---|---|---|
| 001 | 4943040 | ||
| 003 | SISC | ||
| 005 | 20160601082130.0 | ||
| 008 | 960220r19961943nyu 000 1 eng | ||
| 010 | _a 96010402 | ||
| 020 | _a9780684833644 | ||
| 040 |
_aDLC _cDLC _dOCoLC _dDLC |
||
| 050 | 0 | 0 |
_aPR 6023 .E926 _bO54 2003 |
| 082 | 0 | 0 | _a823/.912 |
| 100 | 1 |
_aLewis, C. S. _q(Clive Staples), _d1898-1963. |
|
| 245 | 1 | 0 |
_aOut of the silent planet / _cC.S. Lewis. |
| 250 | _a1st Scribner Paperback Fiction ed. | ||
| 260 |
_aNew York : _bScribner Paperback Fiction, _c2003. |
||
| 300 |
_a158 p. ; _c18 cm. |
||
| 650 | 0 |
_aRansom, Elwin (Fictitious character) _vFiction. |
|
| 650 | 0 |
_aLife on other planets _vFiction. |
|
| 650 | 0 |
_aCollege teachers _vFiction. |
|
| 650 | 0 |
_aGood and evil _vFiction. |
|
| 650 | 0 |
_aPhilologists _vFiction. |
|
| 650 | 0 |
_aLinguists _vFiction. |
|
| 655 | 7 |
_aScience fiction. _2gsafd |
|
| 856 | 4 | 2 |
_3Publisher description _uhttp://www.loc.gov/catdir/description/simon033/96010402.html |
| 856 | 4 | 2 |
_3Contributor biographical information _uhttp://www.loc.gov/catdir/enhancements/fy0707/96010402-b.html |
| 856 | 4 | 1 |
_3Sample text _uhttp://www.loc.gov/catdir/enhancements/fy0707/96010402-s.html |
| 906 |
_a7 _bcbc _corignew _d1 _eocip _f19 _gy-gencatlg |
||
| 942 |
_2lcc _cBK |
||
| 999 |
_c294973 _d294973 |
||